[Event "EYg18"]
[Site "Herceg Novi MNE"]
[Date "2008.09.17"]
[Round "3"]
[White "Ohme,M"]
[Black "Tsirulnik,Mari"]
[Result "1-0"]
[WhiteElo "2245"]
[BlackElo "2110"]

1.e4 c5 2.Nf3 e6 3.d4 cxd4 4.Nxd4 Nc6 5.Nc3 d6 6.Be2 Nf6 7.O-O Be7 8.Be3 O-O
9.f4 Bd7 10.Nb3 a6 11.g4 b5 12.g5 Ne8 13.Bd3 g6 14.Qg4 f6 15.h4 Ng7 16.Rf2 f5
17.exf5 Nxf5 18.Bxf5 Rxf5 19.Ne4 d5 20.Ng3 d4 21.Bd2 Rd5 22.h5 Qf8 23.hxg6 hxg6
24.Rh2 Qg7 25.Qf3 Rf8 26.Qe4 Bd6 27.Rf1 Ne7 28.c3 e5 29.Qh1 dxc3 30.Bxc3 b4
31.Bd2 Bc6 32.Ne4 exf4 33.Rg2 Be5 34.Qh3 Bd7 35.Qf3 Bb5 36.Re1 Rd3 37.Qg4 Bd7
38.Qe2 Bd4+ 39.Nf2 Bxf2+ 40.Qxf2 f3 41.Rh2 Rd5 42.Nc5 Nc6 43.Ne4 Ne5 44.Bxb4 Ng4
45.Bxf8 Nxf2 46.Bxg7 Nxe4 47.Rxe4 Kxg7 48.Re7+ Kf8 49.Rhh7 Bb5 50.Rhf7+ Kg8
51.Rxf3 Rxg5+ 52.Kf2 Rc5 53.Rc3 Rf5+ 54.Ke3 Rf8 55.Rcc7 Rd8 56.Rg7+ Kf8 57.Rxg6 Rd3+
58.Kf4 Rd2 59.Rb6  1-0

[Event "EYb18"]
[Site "Herceg Novi MNE"]
[Date "2008.09.18"]
[Round "4"]
[White "Saric,Iv"]
[Black "Rasulov,Vu"]
[Result "1-0"]
[WhiteElo "2511"]
[BlackElo "2392"]

1.e4 c5 2.Nf3 e6 3.d4 cxd4 4.Nxd4 Nc6 5.Nc3 Qc7 6.Be3 a6 7.Qd2 Nf6 8.O-O-O Bb4
9.f3 Ne5 10.Nb3 b5 11.Qd4 Be7 12.Be2 Bb7 13.g4 Rc8 14.g5 b4 15.gxf6 gxf6
16.Bd2 d5 17.exd5 Bxd5 18.Bxa6 Nxf3 19.Bb5+ Bc6 20.Nd5 exd5 21.Qxd5 O-O 22.Bxc6 Qxc6
23.Qxc6 Rxc6 24.Bh6 Rfc8 25.Nd4 Nxd4 26.Rhg1+ Kh8 27.Bg7+ Kg8 28.Bh6+ Kh8
29.Bg7+ Kg8 30.Bxf6+ Kf8 31.Bg7+ Ke8 32.Bxd4 Rxc2+ 33.Kb1 Re2 34.Rg8+ Bf8
35.Rc1 Rd8 36.Bg7 Ke7 37.Bxf8+ Rxf8 38.Rc7+ Kd8 39.Rxf8+ Kxc7 40.Rxf7+ Kc6
41.Rxh7 Kc5 42.Kc1 Rg2 43.Rc7+ Kd4 44.Rd7+ Ke3 45.h4 Rh2 46.h5 b3 47.axb3 Rxh5
48.b4 Rh4 49.Kc2 Rxb4 50.Kc3 Rb8 51.Re7+ Kf4 52.b4 Kf5 53.Re1 Kf6 54.Kc4 Rc8+
55.Kd5 Rb8 56.Kc5 Rc8+ 57.Kd6 Rb8 58.Rf1+ Kg6 59.Rb1 Kf7  1-0

[Event "4th Pichay Cup"]
[Site "Manila PHI"]
[Date "2008.09.18"]
[Round "7"]
[White "Megaranto,S"]
[Black "Sadorra,J"]
[Result "1-0"]
[WhiteElo "2532"]
[BlackElo "2470"]

1.e4 c5 2.Nf3 e6 3.Nc3 Nc6 4.d4 cxd4 5.Nxd4 Qc7 6.g3 a6 7.Bg2 d6 8.O-O Bd7
9.h3 Be7 10.Nce2 Nf6 11.g4 h6 12.f4 d5 13.e5 Ne4 14.Be3 g5 15.Nxc6 Bxc6 16.Nd4 gxf4
17.Bxf4 Qb6 18.Kh2 O-O-O 19.b4 Be8 20.a4 Qxb4 21.Qd3 Bg5 22.Bxg5 hxg5 23.Rab1 Qa5
24.c4 Qc7 25.Rfc1 Qxe5+ 26.Kg1 Kb8 27.c5 Qf4 28.c6 Qf2+ 29.Kh1 Bxc6 30.Nxc6+ Ka8
31.Nxd8 b5 32.Rc8+  1-0

[Event "4th Pichay Cup"]
[Site "Manila PHI"]
[Date "2008.09.18"]
[Round "8"]
[White "Zhang Zhong"]
[Black "Mchedlishvili,M"]
[Result "1/2-1/2"]
[WhiteElo "2632"]
[BlackElo "2604"]

1.e4 c5 2.Nf3 e6 3.d4 cxd4 4.Nxd4 Nc6 5.Nc3 Qc7 6.g3 a6 7.Bg2 Nf6 8.O-O Nxd4
9.Qxd4 Bc5 10.Bf4 d6 11.Qd2 h6 12.Rad1 e5 13.Be3 Be6 14.Bxc5 dxc5 15.f4 O-O
16.Nd5 Bxd5 17.exd5 Qd6 18.fxe5 Qxe5 19.d6 Qxb2 20.c4 Qxd2 21.Rxd2 Rab8 22.a4 Rfd8
23.Rb1 Nd7 24.Re2 b6 25.Re7 Nf8 26.Bd5 Rxd6 27.Rf1 Ng6 28.Rexf7 Kh8 29.h4 Rdd8
30.h5 Ne5 31.Re7 Re8 32.Rc7 Rbd8 33.Rb7 b5 34.axb5 axb5 35.Rxb5 Ng4 36.Rxc5 Re5
37.Rc7 Rxh5 38.Be6  1/2-1/2

[Event "4th Open"]
[Site "Bjelovar CRO"]
[Date "2008.09.19"]
[Round "3"]
[White "Nagy,Z1"]
[Black "Premuzic,Z"]
[Result "1-0"]
[WhiteElo "2306"]
[BlackElo "2010"]

1.e4 c5 2.Nf3 e6 3.d4 cxd4 4.Nxd4 Nc6 5.Nc3 Qc7 6.Be3 a6 7.Qd2 Nf6 8.f3 Bb4
9.a3 Bxc3 10.Qxc3 d5 11.Nxc6 Qxc6 12.exd5 Qxc3+ 13.bxc3 Nxd5 14.Bd4 O-O 15.c4 Ne7
16.Bc5 Re8 17.Rb1 Nc6 18.Kd2 e5 19.g4 e4 20.h3 exf3 21.Bd3 Ne5 22.Rhe1 f6
23.Bd6 f2 24.Re3 Bd7 25.Bxe5 fxe5 26.Rf1 Bc6 27.Rxf2 e4 28.Bf1 Rf8 29.Ree2 Rf3
30.Rxf3 exf3 31.Re5 Rf8 32.Ke3 g6 33.Kf2 h6 34.Bd3 Rf4 35.Re6  1-0

[Event "EYb18"]
[Site "Herceg Novi MNE"]
[Date "2008.09.19"]
[Round "5"]
[White "Salgado Lopez,I"]
[Black "Vila Gazquez,X"]
[Result "1/2-1/2"]
[WhiteElo "2532"]
[BlackElo "2419"]

1.e4 c5 2.Nf3 e6 3.d4 cxd4 4.Nxd4 Nc6 5.Nc3 Nf6 6.Ndb5 Bb4 7.a3 Bxc3+ 8.Nxc3 d5
9.exd5 exd5 10.Bd3 O-O 11.O-O d4 12.Ne2 Bg4 13.Bg5 Qd6 14.Qd2 Bxe2 15.Qxe2 Rfe8
16.Qf3 Ne5 17.Qg3 Nh5 18.Qh3 Nxd3 19.Qxd3 Nf4 20.Bxf4 Qxf4 21.Rfe1 h6 22.g3 Qc7
23.Rad1 Rac8 24.h4 a6 25.b4 Qc6 26.Rxe8+  1/2-1/2

[Event "EYg18"]
[Site "Herceg Novi MNE"]
[Date "2008.09.19"]
[Round "5"]
[White "Vasile,T"]
[Black "Dudas,E"]
[Result "1-0"]
[WhiteElo "1932"]
[BlackElo "2108"]

1.e4 c5 2.Nf3 e6 3.d4 cxd4 4.Nxd4 Nc6 5.Nc3 Qc7 6.Be2 a6 7.O-O Nf6 8.Be3 Bb4
9.Na4 Be7 10.Nc3 O-O 11.f4 d6 12.Qe1 Bd7 13.Qg3 Kh8 14.Nxc6 Bxc6 15.Bd3 Nd7
16.Rae1 b5 17.a3 Bf6 18.Nd1 Bb7 19.c3 Rae8 20.Nf2 g6 21.Ng4 Bg7 22.f5 h5
23.f6 hxg4 24.Qh4+ Kg8 25.fxg7 Kxg7 26.Bh6+ Kg8 27.Bxf8 Rxf8 28.Qxg4 Kg7
29.Qf4 e5 30.Qh4 d5 31.exd5 Bxd5 32.Be4 Bc4 33.Rf3 Qc5+ 34.Qf2 f5 35.Qxc5 Nxc5
36.Bc2 e4 37.Rfe3 Kf6 38.b4 Nd3 39.Bxd3 exd3 40.Rd1 Rd8 41.Rd2 f4 42.Re4 Kf5
43.Re7 Rd6 44.Kf2 g5 45.h3 g4 46.hxg4+ Kxg4 47.Rh7 Bb3 48.Rc7 Bc4 49.a4 Bb3
50.a5 Bc4 51.Rb7 Rd8 52.Rg7+ Kf5 53.g3 fxg3+ 54.Kxg3 Rd6 55.Rf2+ Ke5 56.Re7+ Be6
57.Rd2 Ke4 58.Kf2 Rc6 59.Re8 Rd6 60.Rh8 Bc4 61.Rh4+ Kf5 62.Kf3 Rg6 63.Ke3 Re6+
64.Kf2 Rd6 65.Kf3 Rg6 66.Rh5+ Ke6 67.Ke4 Rg4+ 68.Ke3 Rg3+ 69.Kd4 Rg4+ 70.Kc5 Re4
71.Kb6 Re2 72.Rh2 Kd7 73.Rhxe2  1-0

[Event "9th YM Open"]
[Site "Lausanne SUI"]
[Date "2008.09.19"]
[Round "1"]
[White "Chatton,J"]
[Black "Philippe,C"]
[Result "0-1"]
[WhiteElo "1901"]
[BlackElo "2442"]

1.e4 c5 2.Nf3 e6 3.d4 cxd4 4.Nxd4 Nc6 5.Nc3 a6 6.Be3 Nf6 7.Be2 d6 8.Qd2 Qc7
9.f4 Bd7 10.O-O-O b5 11.Bf3 Rc8 12.Kb1 Na5 13.g4 Nc4 14.Qd3 b4 15.Nce2 e5
16.fxe5 dxe5 17.Nf5 Bb5 18.Qb3 Na5 19.Nxg7+ Bxg7 20.Qxb4 Bf8 21.Qd2 Nc4 22.Qc1 Rb8
23.Rd3 Nxb2 24.Rb3 Nc4 25.g5 Nd7 26.Bh5 Bc5 27.Qf1 O-O 28.Bc1 Ba4 29.Rxb8 Qxb8+
30.Ka1 Bxc2 31.Nc3 Bd4  0-1

[Event "4th Pichay Cup"]
[Site "Manila PHI"]
[Date "2008.09.19"]
[Round "9"]
[White "Legaspi,R"]
[Black "Nouri,H"]
[Result "1/2-1/2"]
[WhiteElo "2315"]
[BlackElo "2363"]

1.e4 c5 2.Nf3 e6 3.d4 cxd4 4.Nxd4 Nc6 5.Nc3 Qc7 6.Be2 Nf6 7.O-O h5 8.h3 Nxd4
9.Qxd4 Bc5 10.Qd3 a6 11.Be3 b5 12.Bxc5 Qxc5 13.Bf3 Qe5 14.Rad1 Bb7 15.Rfe1 Bc6  1/2-1/2

[Event "EYb18"]
[Site "Herceg Novi MNE"]
[Date "2008.09.21"]
[Round "6"]
[White "Pacher,M"]
[Black "Sarenac,D"]
[Result "1-0"]
[WhiteElo "2361"]
[BlackElo "2222"]

1.e4 c5 2.Nf3 e6 3.d4 cxd4 4.Nxd4 Nc6 5.Nc3 Qc7 6.g3 a6 7.Bg2 Nf6 8.O-O Bc5
9.Nb3 Ba7 10.Qe2 Ne5 11.Be3 Bxe3 12.Qxe3 Nc4 13.Qc5 Qxc5 14.Nxc5 d6 15.Nd3 e5
16.b3 Na3 17.Rac1 Be6 18.Ne2 Rc8 19.c4 Nd7 20.Nc3 a5 21.Nd5 Bxd5 22.exd5 f5
23.Bh3 g6 24.g4 Rf8 25.gxf5 gxf5 26.Kh1 Ke7 27.Rg1 Kf6 28.f4 e4 29.Nf2 Nc5
30.Rg5 h6 31.Rxf5+ Kg6 32.Rg1+ Kh7 33.Rh5 Rce8 34.Bf5+ Rxf5 35.Rxf5 e3 36.Ng4 Kh8
37.Rh5 Kg7 38.Nxe3+  1-0

[Event "5th Highlands Open A"]
[Site "Zdar nad Sazavou CZE"]
[Date "2008.09.21"]
[Round "2"]
[White "Zvara,P"]
[Black "Pertlova,S"]
[Result "1-0"]
[WhiteElo "2409"]
[BlackElo "2217"]

1.e4 c5 2.Nf3 e6 3.d4 cxd4 4.Nxd4 Nc6 5.Nc3 a6 6.Be2 Qc7 7.Be3 Nf6 8.a3 Be7
9.O-O O-O 10.f4 d6 11.Qe1 Bd7 12.Qg3 g6 13.Kh1 Nxd4 14.Bxd4 Bc6 15.Bf3 Rad8
16.Rad1 Nd7 17.f5 Ne5 18.Bg4 exf5 19.exf5 Bf6 20.fxg6 fxg6 21.Be6+ Kh8 22.Bb3 Qe7
23.Nd5 Bxd5 24.Bxd5 Bg7 25.c3 b5 26.Kg1 Rb8 27.Rxf8+ Rxf8 28.Rf1 Rxf1+ 29.Kxf1 Nc4
30.Qf2 Bxd4 31.Qxd4+ Qe5 32.Qxe5+ dxe5 33.Bb7 Nxb2 34.Bxa6 Nd1 35.Bxb5 Nxc3
36.Bc6 Kg7 37.a4 Na2 38.a5 Nb4 39.Bb7 g5 40.Ke2  1-0

[Event "EYb18"]
[Site "Herceg Novi MNE"]
[Date "2008.09.22"]
[Round "7"]
[White "Piorun,K"]
[Black "Vila Gazquez,X"]
[Result "0-1"]
[WhiteElo "2445"]
[BlackElo "2419"]

1.e4 c5 2.Nf3 e6 3.d4 cxd4 4.Nxd4 Nc6 5.Nc3 Qc7 6.Be3 a6 7.Qd2 Nf6 8.O-O-O Bb4
9.f3 O-O 10.g4 b5 11.g5 Ne8 12.a3 Be7 13.f4 b4 14.Nxc6 Qxc6 15.axb4 Bxb4
16.Qd4 Rb8 17.Bg2 Nd6 18.e5 Qxg2 19.exd6 Qc6 20.Rhg1 Bxc3 21.bxc3 Bb7 22.Qe5 Qe4
23.Rd4 Qxe5 24.fxe5 Rfc8 25.Kd2 Bd5 26.Ra4 Bc4 27.Rg4 Bb5 28.Ra1 Rc4 29.Bd4 Ra8
30.Rgg1 Rcc8 31.Bb6 Kf8 32.Rg4 Rc4 33.Bd4 Ra4 34.Rc1 Rc8 35.Rf4 Kg8 36.Ke3 Ra2
37.Rf2 Rc4 38.Rcf1 Rca4 39.Rb1 Ra1 40.Rff1 Rxb1 41.Rxb1 h6 42.gxh6 gxh6 43.h4 Kh7
44.h5 Rc4 45.Rb4 Rc8 46.Kf4 Rc6 47.Rb1 Rc8 48.Rb4 Bc6 49.Bb6 Rg8 50.Bd4 a5
51.Rb6 a4 52.Bc5 Rg5 53.c4 Rf5+ 54.Kg3 Rxh5 55.Be3 Rxe5 56.Rxc6 Rxe3+ 57.Kf4 Rc3
58.Rc7 Kg6 59.Rxd7 Rxc4+ 60.Ke3 Rc6 61.c4 a3 62.Ra7 Rxd6 63.Rxa3 e5 64.Ke4 Kf6
65.c5 Rd4+ 66.Ke3 Rc4 67.Ra5 Ke6 68.Kd3 Rd4+ 69.Kc3 f6 70.Ra6+ Kf5 71.c6 Rd1
72.Kc4 Rc1+ 73.Kd5 e4  0-1

[Event "EYb18"]
[Site "Herceg Novi MNE"]
[Date "2008.09.22"]
[Round "7"]
[White "Krejci,Jan2"]
[Black "Katov,L"]
[Result "1/2-1/2"]
[WhiteElo "2305"]
[BlackElo "2242"]

1.e4 c5 2.Nf3 e6 3.d4 cxd4 4.Nxd4 Nc6 5.Nc3 Qc7 6.Be3 Nf6 7.a3 a6 8.Be2 Be7
9.g4 d6 10.g5 Nd7 11.f4 b5 12.Nxc6 Qxc6 13.Qd4 O-O 14.O-O-O Bb7 15.Rhf1 Nc5
16.f5 Rfc8 17.f6 Bf8 18.Qd2 a5 19.Bxc5 Qxc5 20.Bxb5 Bxe4 21.Nxe4 Qxb5 22.fxg7 Bxg7
23.Nf6+ Kh8 24.Rf3 Rab8 25.c3 Rc6 26.Rh3 Bxf6 27.gxf6 Rg8 28.Rg3 Rcc8 29.Qxd6 Qf5
30.Qe7 Qf4+ 31.Kb1 Qe4+ 32.Ka1 Qe2 33.Rgd3 Rb8 34.R3d2 Qh5 35.c4 h6 36.c5 Qf3
37.Qxf7 Rxb2 38.Qxg8+ Kxg8 39.Kxb2 a4 40.Rg1+ Kf7 41.Rg3 Qb7+ 42.Ka2 Kxf6
43.Rc3 Qc6 44.Rdc2 e5 45.Rd3 Ke7 46.Rd6 Qf3 47.Rb2 Qf7+ 48.Ka1 Qf1+ 49.Ka2 Qc4+
50.Kb1 Qxc5 51.Rxh6 Qg1+ 52.Ka2 Qg8+ 53.Ka1 Qg1+ 54.Ka2  1/2-1/2

[Event "EYb18"]
[Site "Herceg Novi MNE"]
[Date "2008.09.22"]
[Round "7"]
[White "Nabaty,T"]
[Black "Volodin,Alek"]
[Result "1-0"]
[WhiteElo "2431"]
[BlackElo "2397"]

1.e4 c5 2.Nf3 e6 3.Nc3 Nc6 4.d4 cxd4 5.Nxd4 Qc7 6.f4 Nxd4 7.Qxd4 a6 8.Be3 b5
9.Be2 Bb7 10.O-O-O Rc8 11.Rd2 Nf6 12.Bf3 Be7 13.a3 Bxa3 14.e5 Qxc3 15.Qxc3 Rxc3
16.exf6 Rxe3 17.fxg7 Rg8 18.Bxb7 Bc5 19.Bxa6 Ke7 20.Bxb5 d5 21.Rf1 Rxg7 22.c3 Kd6
23.Kc2 h5 24.b4 Bb6 25.c4 Bd8 26.c5+ Kc7 27.Ra1 Bf6 28.Ra7+ Kb8 29.Rd7 Bc3
30.Kd1 Bxb4 31.g3 h4 32.Ra2 Rb3 33.c6  1-0

[Event "EYb14"]
[Site "Herceg Novi MNE"]
[Date "2008.09.23"]
[Round "8"]
[White "Hager,J"]
[Black "Musialkiewicz,J"]
[Result "1-0"]
[WhiteElo "2128"]
[BlackElo "2061"]

1.e4 c5 2.Nf3 e6 3.d4 cxd4 4.Nxd4 Nc6 5.Nc3 Qc7 6.Be3 Nf6 7.f4 Bb4 8.Nb5 Qa5
9.e5 Nd5 10.Bd2 Nxc3 11.Nxc3 Qb6 12.Qg4 O-O 13.O-O-O Qd4 14.Qg3 Bxc3 15.Bxc3 Qa4
16.f5 exf5 17.e6 f6 18.exd7 Qxa2 19.Qf4 Kh8 20.Qc4 Qa1+ 21.Kd2 Qxd1+ 22.Kxd1 Bxd7
23.Bd3 Rac8 24.Qf4 Rfd8 25.Kc1 Ne7 26.Qd6 Ng6 27.Bxf6 gxf6 28.Qxf6+ Kg8 29.Bc4+  1-0

[Event "EYg18"]
[Site "Herceg Novi MNE"]
[Date "2008.09.23"]
[Round "8"]
[White "Hortensius,L"]
[Black "Tsirulnik,Mari"]
[Result "0-1"]
[WhiteElo "2028"]
[BlackElo "2110"]

1.e4 c5 2.Nf3 e6 3.d4 cxd4 4.Nxd4 Nc6 5.Nc3 d6 6.Be3 Nf6 7.Bc4 d5 8.exd5 exd5
9.Bb5 Bd7 10.O-O Bb4 11.Nce2 O-O 12.Bd3 Ng4 13.Bf4 Bc5 14.Nb3 Bb6 15.c3 Qf6
16.Bg3 Rad8 17.Qc2 g6 18.Rad1 Rfe8 19.h3 Nge5 20.Bxe5 Rxe5 21.Ng3 Rg5 22.Kh2 Bc7
23.Qd2 Bf4 24.Qc2 h5 25.Kh1 Bc7 26.Nd2 Ne5 27.Ne2 Nxd3 28.Qxd3 Re5 29.Nf3 Ree8
30.Ned4 g5 31.Qd2 Bf4 32.Qd3 g4 33.Ng1 Bb8 34.Rd2 Qd6 35.f4 Re4 36.Rdf2 Rde8
37.Nc2 a6 38.Qg3 Qf6 39.h4 Bb5 40.Rd1 Bxf4 41.Rxd5 Qe6 42.Rxf4 Qxd5 43.Rf2 Qe5
44.Qxe5 R8xe5 45.Rd2 f5 46.b3 f4 47.c4 Bc6 48.Kh2 Re7 49.Nb4 g3+ 50.Kh1 Re1
51.Nc2 Rf1 52.Rd6 Rf2  0-1

[Event "Zvenigorodskaya Open A"]
[Site "Zvenigorod RUS"]
[Date "2008.09.26"]
[Round "3"]
[White "Lavrik,D"]
[Black "Vorobiov,E"]
[Result "1-0"]
[WhiteElo "2387"]
[BlackElo "2550"]

1.e4 c5 2.Nf3 e6 3.d4 cxd4 4.Nxd4 Nc6 5.Nc3 d6 6.Be3 Nf6 7.f3 Be7 8.Qd2 O-O
9.g4 a6 10.O-O-O Nxd4 11.Bxd4 b5 12.Kb1 Nd7 13.h4 Bb7 14.g5 Rc8 15.g6 fxg6
16.Bh3 e5 17.h5 gxh5 18.Be6+ Kh8 19.Rxh5 Nf6 20.Rh3 exd4 21.Rdh1 Rc5 22.Nd5 Bxd5
23.exd5 Qe8 24.Qg5 Rc7 25.Qxf6  1-0

[Event "ch-Commonwealth"]
[Site "Nagpur IND"]
[Date "2008.09.28"]
[Round "1"]
[White "Harini,S"]
[Black "Ganguly,S"]
[Result "0-1"]
[WhiteElo "2070"]
[BlackElo "2631"]

1.e4 c5 2.Nf3 e6 3.d4 cxd4 4.Nxd4 Nc6 5.Nc3 Qc7 6.Be3 a6 7.Be2 Nf6 8.O-O Be7
9.Kh1 d6 10.f4 Bd7 11.a4 O-O 12.Qe1 Nxd4 13.Bxd4 Bc6 14.Qg3 Rae8 15.Rae1 Bd8
16.e5 dxe5 17.Bxe5 Qa5 18.Bd3 Nh5 19.Qh3 g6 20.Bd6 Be7 21.Re5 Qd8 22.Rxh5 Qxd6
23.Rxh7 Bf6 24.Qh6 Qd4 25.Ne2 Qxb2 26.c3 Bxc3 27.Rb1 Qd2 28.Bxg6 Bxg2+ 29.Kxg2 Qxe2+
30.Kg3 Be1+ 31.Rxe1 Qxe1+ 32.Kg2 Qd2+ 33.Kg1 Qd4+ 34.Kg2 Qf6 35.Be4 Qxh6
36.Rxh6 b5 37.axb5 axb5 38.Rh5 f5  0-1

[Event "17th CRO-chT 1b"]
[Site "Sibenik CRO"]
[Date "2008.09.28"]
[Round "2"]
[White "Zivkovic,Ni"]
[Black "Ramesa,D"]
[Result "1/2-1/2"]
[WhiteElo "2192"]
[BlackElo "2306"]

1.e4 c5 2.Nf3 e6 3.d4 cxd4 4.Nxd4 Nc6 5.Nc3 Qc7 6.Be2 a6 7.O-O Nf6 8.Be3 Bb4
9.Na4 Nxe4 10.Nxc6 Qxc6 11.Nb6 Rb8 12.Bf3 Be7 13.Nxc8 Rxc8 14.Qd4 d5 15.Qxg7 Bf6
16.Qh6 Ke7 17.Bxe4 dxe4 18.c3 Rhg8 19.Rad1 Qb5 20.Qf4 Qe5 21.Rfe1 Rgd8 22.Rxd8 Rxd8
23.g3 Rd5 24.Bc1 Qxf4 25.Bxf4 Rb5 26.Bc1 Ra5 27.a3 Ra4 28.Kf1 Rc4 29.Bd2 Bg7
30.b3 Rc6 31.c4 f5 32.Bb4+ Kd8 33.Rd1+ Kc8 34.Ke2 Bf6 35.Bf8 Rc7 36.Rd6 Rc6
37.Rxc6+ bxc6 38.Bc5 Kd7 39.Kd2 h5 40.h4 e5 41.b4 f4 42.Ke2 e3 43.gxf4 exf4
44.fxe3 fxe3 45.Kxe3 Bxh4 46.Kf4 Bf6 47.Kf5 Bb2 48.a4 Ba3 49.a5 Bc1 50.Ke4 Bd2
51.Kf3 Kc8 52.Kg3  1/2-1/2

[Event "Podillya It"]
[Site "Khmelnitsky UKR"]
[Date "2008.09.29"]
[Round "4"]
[White "Harutjunyan,G"]
[Black "Lutsko,I"]
[Result "1-0"]
[WhiteElo "2441"]
[BlackElo "2399"]

1.e4 c5 2.Nf3 e6 3.d4 cxd4 4.Nxd4 Nc6 5.Nc3 Qc7 6.Be3 a6 7.Bd3 b5 8.O-O Bb7
9.Qe2 Nf6 10.Kh1 b4 11.Na4 d5 12.exd5 Nxd5 13.Be4 Nxe3 14.fxe3 Nxd4 15.exd4 Be7
16.Bxb7 Qxb7 17.d5 Qb5 18.Rae1 O-O 19.dxe6 fxe6 20.Rxf8+ Rxf8 21.Qxe6+ Kh8
22.Rg1 Bf6 23.b3 Re8 24.Qf7 Rd8 25.Qe6 h6 26.Re1 Rd2 27.Nb6 Qg5 28.Qe4 Qh4
29.Qe8+ Kh7 30.Nc4 Be7 31.Rf1 Rf2 32.Rg1 Bf6 33.Qe6 Qf4 34.Qd5 Bd4 35.g3 Qg4
36.Nd6 Qh3 37.Qe4+ g6 38.Qb7+ Bg7 39.Rg2 Rf1+ 40.Rg1 Rf2 41.Rg2 Rxc2 42.Qe4 Rd2
43.Nc4 Rxa2 44.Ne3 Rxg2 45.Nxg2 a5 46.Ne3 Qd7 47.Kg2 Qd2+ 48.Kf3 Qxh2 49.Qe7 Qb2
50.Qf7 Qf6+ 51.Qxf6 Bxf6 52.Nc4 Bd8 53.g4 Kg7 54.Ke4 Kf6 55.Ne5 Bc7 56.Nf3 Bd6
57.Kd5 Bf8 58.Ke4 Ke6 59.Ne5 Kf6 60.Nc4  1-0

[Event "Podillya It"]
[Site "Khmelnitsky UKR"]
[Date "2008.09.30"]
[Round "6"]
[White "Soltanici,R"]
[Black "Firman,N"]
[Result "0-1"]
[WhiteElo "2421"]
[BlackElo "2525"]

1.e4 c5 2.Nf3 Nc6 3.Nc3 e6 4.d4 cxd4 5.Nxd4 d6 6.g3 Nf6 7.Bg2 Be7 8.O-O O-O
9.a4 Bd7 10.Nb3 Na5 11.Nxa5 Qxa5 12.Bf4 Qa6 13.Re1 Rfd8 14.Qd2 Be8 15.a5 Ng4
16.Bf1 Qc6 17.a6 Bf6 18.axb7 Qxb7 19.Ra2 a5 20.h3 Ne5 21.Qe2 Nc6 22.Bg2 Bd4
23.Nd1 Bc5 24.Be3 Qb4 25.Bxc5 Qxc5 26.Ne3 a4 27.c3 Ne5 28.f4 Bb5 29.Qd2 Nd3
30.Rea1 Qb6 31.c4 Nb4 32.cxb5 Nxa2 33.Rxa2 Qxb5 34.Nd1 Rdc8 35.Kh2 h5 36.Nc3 Qb4
37.Nb1 Qb6 38.Nc3 Rc4 39.Bf1 Rd4 40.Qf2 Qb4 41.Qe3 h4 42.Bg2 Qc4 43.gxh4 Rd3
44.Qe2 Qd4 45.Rxa4 Rxa4 46.Nxa4 Rd2 47.Qe1 d5 48.exd5 Qxf4+ 49.Kh1 Rc2 50.Nc3 Rc1
51.Nd1 e5 52.Qe2 Qd4 53.Bf3 e4 54.Bg4 f5 55.Bh5 Qxd5 56.Kg2 f4 57.Nf2 f3+  0-1

[Event "ch-Commonwealth"]
[Site "Nagpur IND"]
[Date "2008.09.30"]
[Round "3"]
[White "Padmini,R"]
[Black "Neelotpal,D"]
[Result "1/2-1/2"]
[WhiteElo "2257"]
[BlackElo "2462"]

1.e4 c5 2.Nf3 e6 3.d4 cxd4 4.Nxd4 Nc6 5.Nc3 Qc7 6.g3 a6 7.Bg2 Nf6 8.O-O Be7
9.Re1 Nxd4 10.e5 Nf5 11.exf6 gxf6 12.Qh5 d6 13.Qxf5 exf5 14.Nd5 Qc5 15.b4 Qd4
16.c3 Qd3 17.Rxe7+ Kd8 18.Be3 Qxd5 19.Bxd5 Kxe7 20.a4 a5 21.b5 f4 22.Bd4 Rb8
23.Ba2 Be6 24.Bb1  1/2-1/2

[Event "17th CRO-chT 1w"]
[Site "Sibenik CRO"]
[Date "2008.09.30"]
[Round "4"]
[White "Zelic,Ma"]
[Black "Stadler,Bri"]
[Result "0-1"]
[WhiteElo "2046"]
[BlackElo "2103"]

1.e4 c5 2.Nc3 e6 3.Nf3 Nc6 4.d4 cxd4 5.Nxd4 Nf6 6.Be2 Bb4 7.Bf3 d5 8.Nxc6 bxc6
9.exd5 cxd5 10.Qd4 Qb6 11.Be3 Qxd4 12.Bxd4 O-O 13.O-O Ba6 14.Rfe1 Rfc8 15.a3 Ba5
16.Rac1 Nd7 17.b4 Bb6 18.Bxb6 Nxb6 19.Nb1 Rc7 20.Be2 Bxe2 21.Rxe2 a5 22.Ree1 axb4
23.axb4 Ra2 24.c3 Kf8 25.g3 Nc4 26.Red1 Rca7 27.Re1 Rb2 28.Rcd1 Raa2 29.Rf1 Ne3  0-1

[Event "ch-Commonwealth"]
[Site "Nagpur IND"]
[Date "2008.10.01"]
[Round "5"]
[White "Nadig,K"]
[Black "Himanshu,Sh"]
[Result "0-1"]
[WhiteElo "2241"]
[BlackElo "2423"]

1.e4 c5 2.Nf3 Nc6 3.d4 cxd4 4.Nxd4 e6 5.Nc3 Qc7 6.Be2 a6 7.O-O Nf6 8.Be3 b5
9.a3 Bb7 10.Bd3 Bd6 11.Nxc6 Qxc6 12.Bd4 e5 13.Be3 b4 14.axb4 Bxb4 15.Bd2 O-O
16.Re1 Rab8 17.Qf3 Rfe8 18.Bg5 Re6 19.Qf5 Ne8 20.Nd5 Bxe1 21.Rxe1 Qd6 22.Bc4 h6
23.Bh4 Qf8 24.Bb3 Nd6 25.Qf3 Bxd5 26.Bxd5 Rxb2 27.Qc3 Rb5 28.Bxe6 dxe6 29.Bg3 f6
30.Qc6 Qb8 31.Qxa6 Nxe4 32.Qxe6+ Kh8 33.Qf5 Nd6 34.Qd3 Rc5 35.Rd1 Nb5 36.Rb1 Qa8
37.f3 Nc3 38.Bf2 Rc8 39.Rc1 Qc6 40.Re1 Nd5 41.Qd2 Qc4 42.h3 Nf4 43.Be3 Nd5
44.Bf2 Nc3 45.Be3 Kh7 46.Ra1 Nd5 47.Bf2 Qc3 48.Qd3+ Qxd3 49.cxd3 Nf4 50.Be3 Nxd3
51.Rd1 Rc3 52.Bd2 Rb3 53.Kf1 h5 54.h4 Nc5 55.Ke2 Rb2 56.Kf1 Kg6 57.Be3 Na4
58.Rc1 Rb4 59.Bf2 Nb2 60.Ke2 Nc4 61.Ke1 Ra4 62.Ke2 Nd6 63.Rc3 Nf5 64.g3 Ra2+
65.Kf1 Nd6 66.Rc6 Nb5 67.Rc5 Rb2 68.Be3 Nd6 69.Rc6 Nf5 70.Bf2 Rb1+ 71.Kg2 Rd1
72.Rc3 Nd6 73.Rc5 Rd3 74.Rc2 Nf5 75.Rc6 Ne7 76.Rc5 Nd5 77.Kf1 Ne7 78.Kg2 Rd7
79.Rb5 Kf7 80.Kf1 Ke6 81.Ke2 Nf5 82.Rb6+ Rd6 83.Rb7 Rd7 84.Rb6+ Kf7 85.Kf1 Ne7
86.Rb5 Nd5 87.Ra5 Kg6 88.Ra6 Nc3 89.Rc6 Rd3 90.Kg2 e4 91.fxe4 Nxe4 92.Rc2 Rd2
93.Rxd2 Nxd2 94.Bc5 Kf5 95.Bf8 g6 96.Be7 Nc4 97.Bd8 Ne5 98.Be7 Nc6 99.Bd6 Kg4
100.Bc7 Nd4 101.Bb8 Ne6 102.Bd6 f5 103.Be5 f4 104.gxf4 Nxf4+ 105.Kh2 Nd5
106.Bg3 Ne3 107.Bf2 Nf5 108.Be1 Nxh4 109.Bb4 Nf3+ 110.Kg2 Nd4 111.Bd6 Kf5
112.Kh3 g5 113.Bc7 Nf3 114.Kg3 g4 115.Bd6 h4+ 116.Kg2 Nd2 117.Bc7 Ne4 118.Bd8 Ng5
119.Bc7 Kg6 120.Bd6 Kh5 121.Bc7 Nf7 122.Bf4 Nh6 123.Bd6 Nf7 124.Bf4 Ng5 125.Bd6 Ne4
126.Bc7 g3 127.Kf3 Ng5+ 128.Kg2 Kg4 129.Bd6 h3+ 130.Kg1 Nf3+  0-1

[Event "ch-Commonwealth"]
[Site "Nagpur IND"]
[Date "2008.10.01"]
[Round "5"]
[White "Prathamesh,S"]
[Black "Gahan,M"]
[Result "1-0"]
[WhiteElo "2358"]
[BlackElo "2114"]

1.e4 c5 2.Nc3 e6 3.Nge2 Nc6 4.d4 cxd4 5.Nxd4 a6 6.Be2 Qc7 7.O-O Nf6 8.a4 Be7
9.Kh1 b6 10.f4 Bb7 11.Bf3 Bc5 12.Nxc6 dxc6 13.e5 Nd5 14.Ne4 Be7 15.c4 Nb4
16.Nd6+ Kf8 17.a5 b5 18.Qd2 Nd5 19.cxd5 cxd5 20.b3 g6 21.f5 gxf5 22.Qh6+ Kg8
23.Nxf7 Qd7 24.Nxh8 Kxh8  1-0

[Event "ch-Commonwealth"]
[Site "Nagpur IND"]
[Date "2008.10.02"]
[Round "6"]
[White "Rahman,SM"]
[Black "Kunte,A"]
[Result "0-1"]
[WhiteElo "2297"]
[BlackElo "2554"]

1.e4 c5 2.Nf3 e6 3.d4 cxd4 4.Nxd4 Nc6 5.Nc3 Qc7 6.Be3 a6 7.Be2 Nf6 8.O-O Be7
9.a4 O-O 10.f4 d6 11.Nb3 b6 12.Bf3 Rb8 13.Qe2 Na5 14.Nd4 Nc4 15.Bc1 Bb7 16.Kh1 Rbc8
17.g4 Rfe8 18.g5 Nd7 19.Bg2 Bf8 20.Rf3 g6 21.b3 e5 22.fxe5 Ncxe5 23.Rh3 Qc5
24.Qf2 Bg7 25.Bb2 Ng4 26.Qh4 Qxd4 27.Qxg4 Nf8 28.Nd1 Qd2 29.Bxg7 Qe1+  0-1

[Event "Podillya It"]
[Site "Khmelnitsky UKR"]
[Date "2008.10.03"]
[Round "11"]
[White "Soltanici,R"]
[Black "Pavlov,S2"]
[Result "0-1"]
[WhiteElo "2421"]
[BlackElo "2433"]

1.e4 c5 2.Nf3 Nc6 3.Nc3 e6 4.d4 cxd4 5.Nxd4 Nf6 6.Nxc6 bxc6 7.e5 Nd5 8.Ne4 Qc7
9.f4 Rb8 10.Bd3 Ba6 11.Bxa6 Qa5+ 12.Bd2 Qxa6 13.b3 Qb6 14.Qf3 Be7 15.c4 f5
16.exf6 Nxf6 17.Be3 Qa5+ 18.Bd2 Qf5 19.Nxf6+ Bxf6 20.Rc1 Bb2 21.Rd1 Bd4 22.Ke2 O-O
23.g4 Qg6 24.Rhf1 c5 25.Rc1 d5 26.cxd5 exd5 27.Qxd5+ Kh8 28.f5 Qxg4+ 29.Qf3 Qh4
30.Kd3 Qf6 31.Rc4 Qa6  0-1

[Event "Podillya It"]
[Site "Khmelnitsky UKR"]
[Date "2008.10.03"]
[Round "12"]
[White "Onischuk,V"]
[Black "Firman,N"]
[Result "1/2-1/2"]
[WhiteElo "2506"]
[BlackElo "2525"]

1.e4 c5 2.Nf3 e6 3.Nc3 Nc6 4.d4 cxd4 5.Nxd4 d6 6.Be2 Nf6 7.O-O Be7 8.Kh1 O-O
9.f4 Nxd4 10.Qxd4 b6 11.Qf2 Bb7 12.Bd3 e5 13.Qf3 Nd7 14.Bc4 Rc8 15.Bb3 Nc5
16.f5 Bg5 17.Bxg5 Qxg5 18.Rfd1 Rfd8 19.Bd5 Kf8 20.g3 h5 21.h4 Qg4 22.Qxg4 hxg4
23.a4 a6 24.Bxb7 Nxb7 25.Rd2 Rc4 26.Rad1 Rdc8 27.Rd3 f6 28.R1d2 R8c6 29.Kg1 R4c5
30.Kf2 b5 31.axb5 axb5 32.Nd5 Rxc2 33.b4 R6c4 34.Ke3 Rxd2 35.Rxd2 Nd8 36.Ra2 Nc6
37.Ra6 Ne7 38.Ra8+ Rc8 39.Rxc8+ Nxc8 40.Nc7 Na7 41.Kd3 Ke7 42.Kc3 Kf7 43.Kd3 Ke7  1/2-1/2

[Event "ch-Commonwealth"]
[Site "Nagpur IND"]
[Date "2008.10.03"]
[Round "8"]
[White "Ganesh,Ba"]
[Black "Sree,L"]
[Result "0-1"]
[WhiteElo "2109"]
[BlackElo "1921"]

1.e4 c5 2.Nf3 e6 3.d4 cxd4 4.Nxd4 Nc6 5.Nc3 Qc7 6.Be3 a6 7.Bd3 Nf6 8.O-O b5
9.a3 Bb7 10.f4 Nxd4 11.Bxd4 Bc5 12.Bxc5 Qxc5+ 13.Kh1 d5 14.e5 Ne4 15.Qe2 Nxc3
16.bxc3 Qxc3 17.Rab1 Qc7 18.f5 exf5 19.Rxf5 Bc8 20.e6 Bxe6 21.Rh5 h6 22.Rxd5 O-O
23.Re5 Bc4 24.Re7 Bxd3 25.cxd3 Qc3 26.Rf1 Qxa3 27.d4 Rad8 28.Rd1 b4 29.Re3 Qa5
30.Rg3 Rfe8 31.Qb2 b3 32.h3 Re1+ 33.Rxe1 Qxe1+ 34.Kh2 Qe4 35.d5 g6 36.Qxb3 Qxd5
37.Qe3 Kg7 38.Qe1 Qc6 39.Qa1+ Qf6 40.Qa5 Re8 41.Qc5 Re5 42.Qa7 Qf4 43.Qc7 Rf5
44.Qxf4 Rxf4  0-1